000 00283nam a22001217a 4500
008 180425b xxu||||| |||| 00| 0 eng d
041 _aeng
080 _a043.3
100 _a0
101 _aSHJ-BA
245 _aTrafikimi i Qenieve Njerezore ne Kosove
_cHashani, S
942 _2udc
_cBK
999 _c45514
_d45514